000 00540nam a22001697a 4500
003 NUST
038 _aNusrat Nadeem
082 _a200
100 _aEjaz, Amna
_997381
245 _aLearning Category Aware Aggregation for Large Scale Point Cloud Semantic Segmentation /
_cAmna Ejaz
264 _aIslamabad :
_bSEECS, NUST,
_c2022.
300 _a52 p. ;
650 _aMS-Computer Science
_926780
700 _aSupervisor: Dr. Muhammad Shahzad
_996716
856 _uhttp://10.250.8.41:8080/xmlui/handle/123456789/29994
942 _2ddc
_cSC
999 _c591042
_d591042